Writing for Broad Casting / (Record no. 185315)
[ view plain ]
| 000 -LEADER | |
|---|---|
| fixed length control field | 00815 a2200169 4500 |
| 003 - CONTROL NUMBER IDENTIFIER | |
| control field | Nust |
| 005 - DATE AND TIME OF LATEST TRANSACTION | |
| control field | 20230315095920.0 |
| 040 ## - CATALOGING SOURCE | |
| Transcribing agency | Nust |
| 082 ## - DEWEY DECIMAL CLASSIFICATION NUMBER | |
| Classification number | 384.54,WHI |
| 100 ## - MAIN ENTRY--PERSONAL NAME | |
| Personal name | Wilson, G. Whittaker |
| 9 (RLIN) | 110293 |
| 245 ## - TITLE STATEMENT | |
| Title | Writing for Broad Casting / |
| Statement of responsibility, etc. | G. Whittaker Wilson |
| 260 ## - PUBLICATION, DISTRIBUTION, ETC. | |
| Place of publication, distribution, etc. | London |
| Name of publisher, distributor, etc. | A & C Block Ltd |
| Date of publication, distribution, etc. | 1935 |
| 300 ## - PHYSICAL DESCRIPTION | |
| Extent | 150,p; |
| 505 ## - FORMATTED CONTENTS NOTE | |
| Formatted contents note | The Microphone as a medium (Page-1), High Comedy (Page-20), Low Comedy (Page-32), Musical Comedy (Page-38), Burlesque and Satire (Page-47), Biographical Plats (Page-53), Historical Plays (Page-66), Drama (Page-79), Characterization (Page-89), Pageants (Page-102), The Famous Trials Series (Page-114), The Writhing of Talks (Page-131), The Broadcasting of Talks (Page-140), Epilogue (Page-146). |
| 650 ## - SUBJECT ADDED ENTRY--TOPICAL TERM | |
| Topical term or geographic name entry element | Writing for broad casting |
| 9 (RLIN) | 110294 |
| 942 ## - ADDED ENTRY ELEMENTS (KOHA) | |
| Source of classification or shelving scheme | |
| Koha item type | Book |
| Withdrawn status | Lost status | Source of classification or shelving scheme | Damaged status | Not for loan | Permanent Location | Current Location | Shelving location | Date acquired | Full call number | Barcode | Date last seen | Price effective from | Koha item type | Public note |
|---|---|---|---|---|---|---|---|---|---|---|---|---|---|---|
| Military College of Signals (MCS) | Military College of Signals (MCS) | General Stacks | 12/12/2016 | 384.54,WHI | MCS30014 | 12/08/2016 | 12/12/2016 | Book | Almirah No.74, Shelf No.4 |
